000 00564nam a2200205 a 4500
001 57006
003 BD-RjUL
005 20211209080446.0
008 161205r1960 ii ||||| |||| 00| 0 eng d
035 _a(BD-RjUL)57130
040 _aBD-RjUL
_beng
_cBD-RjUL
_dBD-RjUL
041 _aeng
082 _223
_a297.5
_bDAQ 1960
100 _aDar, Bashir Ahmad.
_9169405
245 _aQu'ranic ethics /
_cBashir Ahmad Dar.
260 _aLahore :
_b Institute of islamic culture,
_c1960
300 _a75 p. ;
_c20 cm.
650 _aIslamic Ethics.
_9140077
942 _2ddc
_cBK
999 _c57006
_d57006